| 000 | 01041nam a22002657a 4500 | ||
|---|---|---|---|
| 001 | 9179 | ||
| 003 | FISKH | ||
| 005 | 20251127102633.0 | ||
| 008 | 251127b cb ||||| |||| 00| 0 eng d | ||
| 020 | _a9781842504079 | ||
| 040 |
_aFISKH _beng _cFISKH _dFISKH |
||
| 082 | _a636.9 | ||
| 100 | _aAndrews, Jackie | ||
| 245 |
_aDaisy the dizzy calf : _bHospital farm / _cWritten by Jackie Andrews ; Illustrated by Jacqueline East |
||
| 260 |
_aQueen Street : _bBright Sparks, _c2002. |
||
| 300 |
_a32 unnumbered pages : _bcolor illustrations ; _c24 cm |
||
| 505 | _aJ | ||
| 520 | _aTabby and the Cockerel is a charming children’s book about a cat and a rooster who live on a hospital farm. Despite their differences, they form a deep friendship and learn important lessons about cooperation, trust, and helping others. | ||
| 521 | 8 |
_a430
_bLexile estimate |
|
| 521 | 8 |
_aJ
_bRaz-Plus |
|
| 650 |
_aFarm animals _vFiction _xChildren’s fiction |
||
| 700 |
_aEast, Jacqueline _eillustrator |
||
| 942 |
_2ddc _cBK _n0 |
||
| 999 |
_c9179 _d9179 |
||